000 00347nam a2200133Ia 4500
008 240624s9999 xx 000 0 und d
041 _aeng
082 _a658.4092 MRU
100 _aMRUDULA E
245 _aWOMAN IN LEADERSHIP OPPORTUNITIES AND CH
260 _c2007
_aHyderabad
_bICFAI press
300 _ax, : 189 : p. : cm. ; 23
365 _cRS
_b50
999 _c6733
_d6733